000 00646nam a2200253Ia 4500
003 OSt
005 20250805164553.0
008 210210b2008 xxu||||| |||| 00| 0 eng d
020 _a8186651098
040 _cAL
041 _aeng
082 _a954.002 KHAD
100 _aFarooq A Khan
_9213789
245 _aDGP question bank
_b: history of India a study
260 _aND
_bDhillon Group of Publication
_c2008
300 _a376p
650 _aIndia
_9213793
650 _ahistory
_9213794
650 _aDGP
_9213795
690 _aIndian History
_9213798
700 _aPrasad, Ravi Ranjan
_9213799
906 _aSG05017
942 _2ddc
_cSG
999 _c131211
_d131211